Capitales des territoires extérieurs de la France, du R-U et des NL - Statistiques

Statistiques générales
  • Ce quiz a été pris 19 fois
  • Le résultat moyen est 13 sur 28
Statistiques - réponses
Hint Réponse % Correct
Martinique Fort-de-France
93%
Mayotte Mamoudzou
86%
Réunion Saint-Denis
86%
Guyane Cayenne
79%
Saint-Pierre et Miquelon Saint-Pierre
79%
Guadeloupe Basse-Terre
71%
Gibraltar Gibraltar
71%
Nouvelle-Calédonie Nouméa
71%
Polynésie française Papeete
71%
Bermudes Hamilton
50%
Aruba Oranjestad
50%
Saint-Eustache Oranjestad
50%
Curaçao Willemstad
43%
Îles Pitcairn Adamstown
36%
Saint-Martin (côté français) Marigot
36%
Saint Martin (côté néerlandais) Philipsburg
36%
Îles Falkland (ou Malouines) Port Stanley
36%
Îles vierges britanniques Road Town
36%
Îles Turques-et-Caïques Cockburn Town
29%
Îles Caïmans George Town
29%
Wallis-et-Futuna Mata Utu
29%
Montserrat Plymouth
29%
Saba The Bottom
29%
Anguilla The Valley
29%
Sainte-Hélène Jamestown
21%
Territoire britannique del'océan indien Diego Garcia
7%
Bonaire Kralenjik
7%
TAAF Port-aux-Français
7%
Aucun quiz correspondant
Distribution des résultats
% des personnes avec chaque résultat
Percentile par nombre de réponses
Votre historique - résultats
Vous n’avez pas pris ce quiz